00604 2200193 4500001002100000005001500021035002000036007000300056008004100059020002200100082001000122084001600132100001600148245004100164260004000205300002900245520012000274990001600394INLIS00000000000120320221219095137 a0010-1222000389ta221219 b 1 ind  a978-602-252-834-0 a741.5 a741.5 WAT k0 aWatiek Ideo1 aKetika Aku Punya Adik /cWatiek Ideo aJakarta :bErlangga for kids,c2017 a32 Halaman ;c20 x 20 cm aDilengkapi saran-saran dari psikolog anak untuk membantu anak mengatasi rasa iri dan cemburu ketika mempunyai adik. a00000002589